MARC details
| 000 -LEADER |
| fixed length control field |
02419cam a2200553 4500 |
| 001 - CONTROL NUMBER |
| control field |
J121363 |
| 008 - FIXED-LENGTH DATA ELEMENTS--GENERAL INFORMATION |
| fixed length control field |
000000n2003 000 0 eng u |
| 022 ## - INTERNATIONAL STANDARD SERIAL NUMBER |
| International Standard Serial Number |
0264-6188 |
| 035 ## - SYSTEM CONTROL NUMBER |
| System control number |
(Sirsi) u121363 |
| 041 ## - LANGUAGE CODE |
| Language code of text/sound track or separate title |
eng |
| 050 ## - LIBRARY OF CONGRESS CALL NUMBER |
| Classification number |
691.0212 |
| -- |
18 |
| 110 ## - MAIN ENTRY--CORPORATE NAME |
| Corporate name or jurisdiction name as entry element |
United Kingdom |
| Subordinate unit |
Department of Trade and Industry |
| 245 ## - TITLE STATEMENT |
| Title |
Monthly statistics of building materials and components |
| 260 ## - PUBLICATION, DISTRIBUTION, ETC. |
| Place of publication, distribution, etc. |
London |
| Name of publisher, distributor, etc. |
DTI |
| Date of publication, distribution, etc. |
2003 |
| 300 ## - PHYSICAL DESCRIPTION |
| Extent |
4 |
| Type of unit |
pt. |
| Dimensions |
30cm. |
| 350 ## - PRICE (NR) (BK AM CF MU VM SE) [OBSOLETE] |
| Price |
111 |
| 505 ## - FORMATTED CONTENTS NOTE |
| Formatted contents note |
Construction material price indices |
| 505 ## - FORMATTED CONTENTS NOTE |
| Formatted contents note |
Price indices of construction materials : monthly |
| 505 ## - FORMATTED CONTENTS NOTE |
| Formatted contents note |
Price indices of construction materials : annual averages |
| 505 ## - FORMATTED CONTENTS NOTE |
| Formatted contents note |
Sales of sand and gravel by English regions, Wales and Scotland |
| 505 ## - FORMATTED CONTENTS NOTE |
| Formatted contents note |
Sales of sand and gravel by English and Welsh counties and Scottish regions |
| 505 ## - FORMATTED CONTENTS NOTE |
| Formatted contents note |
Slate : production, deliveries and stocks |
| 505 ## - FORMATTED CONTENTS NOTE |
| Formatted contents note |
Deliveries of sand and gravel and ready-mixed concrete |
| 505 ## - FORMATTED CONTENTS NOTE |
| Formatted contents note |
Cement and clinker : production, deliveries and stocks |
| 505 ## - FORMATTED CONTENTS NOTE |
| Formatted contents note |
Deliveries of bricks, concrete building blocks and cement |
| 505 ## - FORMATTED CONTENTS NOTE |
| Formatted contents note |
Bricks : production, deliveries and stocks for Great Britain |
| 505 ## - FORMATTED CONTENTS NOTE |
| Formatted contents note |
Bricks : production deliveries and stocks by English regions, Wales and Scotland |
| 505 ## - FORMATTED CONTENTS NOTE |
| Formatted contents note |
Concrete building blocks : production, deliveries and stocks for Great Britain |
| 505 ## - FORMATTED CONTENTS NOTE |
| Formatted contents note |
Concrete building blocks : production, deliveries and stocks by English regions, Wales and Scotland |
| 505 ## - FORMATTED CONTENTS NOTE |
| Formatted contents note |
Concrete roofing tiles; fibre cement products; ready-mixed concrete |
| 505 ## - FORMATTED CONTENTS NOTE |
| Formatted contents note |
Comparison of imports and exports |
| 505 ## - FORMATTED CONTENTS NOTE |
| Formatted contents note |
Value of overseas trade in selected materials and components for constructional use : imports (cif) and export (fob) |
| 520 ## - SUMMARY, ETC. |
| Summary, etc. |
Iincludes the latest detailed information on those building materials whose raw material has to be extracted from the ground (see above). |
| 650 ## - SUBJECT ADDED ENTRY--TOPICAL TERM |
| Topical term or geographic name entry element |
BRICKS |
| 650 ## - SUBJECT ADDED ENTRY--TOPICAL TERM |
| Topical term or geographic name entry element |
BUILT ENVIRONMENT-BUILDING MATERIALS |
| 650 ## - SUBJECT ADDED ENTRY--TOPICAL TERM |
| Topical term or geographic name entry element |
BUILT ENVIRONMENT-BUILDING COSTS |
| 650 ## - SUBJECT ADDED ENTRY--TOPICAL TERM |
| Topical term or geographic name entry element |
CEMENT |
| 650 ## - SUBJECT ADDED ENTRY--TOPICAL TERM |
| Topical term or geographic name entry element |
CLINKER |
| 650 ## - SUBJECT ADDED ENTRY--TOPICAL TERM |
| Topical term or geographic name entry element |
CONCRETE BLOCKS |
| 650 ## - SUBJECT ADDED ENTRY--TOPICAL TERM |
| Topical term or geographic name entry element |
CONCRETE ROOFING TILES |
| 650 ## - SUBJECT ADDED ENTRY--TOPICAL TERM |
| Topical term or geographic name entry element |
CONSTRUCTION STATISTICS |
| 650 ## - SUBJECT ADDED ENTRY--TOPICAL TERM |
| Topical term or geographic name entry element |
FIBRE-CEMENT |
| 650 ## - SUBJECT ADDED ENTRY--TOPICAL TERM |
| Topical term or geographic name entry element |
GRAVEL |
| 650 ## - SUBJECT ADDED ENTRY--TOPICAL TERM |
| Topical term or geographic name entry element |
READY-MIXED CONCRETE |
| 650 ## - SUBJECT ADDED ENTRY--TOPICAL TERM |
| Topical term or geographic name entry element |
SAND |
| 690 ## - LOCAL SUBJECT ADDED ENTRY--TOPICAL TERM (OCLC, RLIN) |
| Topical term or geographic name as entry element |
BUILT ENVIRONMENT-BUILDING MATERIALS |
| 710 ## - ADDED ENTRY--CORPORATE NAME |
| Corporate name or jurisdiction name as entry element |
Office for National Statistics |
| 9 (RLIN) |
2210 |
| 942 ## - ADDED ENTRY ELEMENTS (KOHA) |
| Suppress in OPAC |
0 |